000 00832nam a2200265Ia 4500
999 _c43830
_d43830
001 10575
003 GE_BSU
005 20190604173745.0
008 181216s1993|||| |||||||||||||| ||eng||
040 _cGE_BSU
041 _aeng
080 _a657 W-53
100 _aWeygandt, J.
_92066
245 _aAccounting Principles /
_cJ.Jerry Weygandt ; E.Donald Kieso ; G.Walter Kell ; Executive Editor : Michael Reynolds.
264 _aNew York,Sons :
_bInc,
_c1993.
300 _a1325 p .:
_c28 cm.
541 _h70Gel.
653 _aAccounting Principles
653 _aსაბუღალტრო პრინციპები
653 _aბუღალტერია
700 _aKieso E.Donald
_92067
700 _aKell G.Walter
_92068
700 _aReynolds, Michael
_eExecutive Editor
_92069
942 _cBK
_2udc